00729nam a22002297a 45000010005000000030006000050050017000110080041000280200018000690400029000870500015001160820010001311000019001412450078001602600042002383000047002805050007003275200100003345210028004345210018004626500019004807683FISKH20250731090314.0250731b cb ||||| |||| 00| 0 eng d a9780516060156 aFISKHbengcFISKHdFISKH aSF445 .F68 a636.8 aFowler, Allan  aIt could still be a cat : bRookie read-about science / cby Allan Fowler aChigago : bChildren's Press, c1993. a31 pages : bcolor illustrations ; c19 cm aL  aDescribes the physical characteristics and behavior of cats and examines some different kinds. 8 a520 bLexile estimate 8 aL bRaz-Plus  aCat vScience